| 000 | 00594nam a2200229Ia 4500 | ||
|---|---|---|---|
| 003 | OSt | ||
| 005 | 20240823163538.0 | ||
| 006 | a|||||r|||| 00| 0 | ||
| 007 | ta | ||
| 008 | 220927b |||||||| |||| 00| 0 eng d | ||
| 024 | _a61612 | ||
| 037 | _cTextual | ||
| 040 |
_aSDCL _cSDCL _beng |
||
| 041 |
_2hin _ahin |
||
| 082 | _aO152:g, L3 | ||
| 100 |
_aShukl Ramlakhan _9403806 |
||
| 245 | 0 | _aBhartiya sahitya -shatra ke sidhant. | |
| 260 |
_aUttar _bPradesh _c1973 |
||
| 300 |
_a212p. _ccm. |
||
| 942 |
_hO152:g, L3 _cTEXL _2CC |
||
| 999 |
_c719579 _d719579 |
||